Tú Xương: Thơ, lời bình và giai thoại

Gespeichert in:
Bibliographische Detailangaben
Format: Buch
Sprache:Undetermined
Veröffentlicht: Hà Nội VHTT 2000
Schlagworte:
Tags: Tag hinzufügen
Keine Tags, Fügen Sie den ersten Tag hinzu!
Thư viện lưu trữ: Trung tâm Học liệu Trường Đại học Cần Thơ
LEADER 00484nam a2200169Ia 4500
001 CTU_36924
008 210402s9999 xx 000 0 und d
020 |b 47.000đ 
082 |a 809 
082 |b T500 
245 0 |a Tú Xương: Thơ, lời bình và giai thoại 
260 |a Hà Nội 
260 |b VHTT 
260 |c 2000 
650 |a vietnamese literature - history and criticism 
904 |i Minh, 000613 
980 |a Trung tâm Học liệu Trường Đại học Cần Thơ